LEADER 01337nam--2200385---450- 001 990002992900203316 005 20071018114117.0 010 $a92-9167-762-0 035 $a000299290 035 $aUSA01000299290 035 $a(ALEPH)000299290USA01 035 $a000299290 100 $a20071018d2005----km-y0itaa50------ba 101 0 $aeng 102 $aLU 105 $aa---z---001yy 200 1 $aEffectiveness of packaging waste management systems in selected countries$ean EEA pilot study$fEuropean environment agency 210 $aLuxembourg$cOffice for official publications of the European Communities$d2005 215 $a91 p.$d30 cm 225 2 $aEEA report$v3/2005 410 0$12001$aEEA report$v3/2005 606 0 $aRifiuti$xRaccolta differenziata$yPaesi della Comunità europea 676 $a363.728094 699 $a16.04$bGestione rifiuti 710 12$aAGENZIA EUROPEA DELL'AMBIENTE$0597211 801 0$aIT$bsalbc$gISBD 912 $a990002992900203316 951 $aCDE 16.04 (XV)$bCDE 1129$cCDE 16.04$d00149830 959 $aBK 969 $aCDE 979 $aMARIAS$b90$c20071018$lUSA01$h1107 979 $aMARIAS$b90$c20071018$lUSA01$h1107 979 $aMARIAS$b90$c20071018$lUSA01$h1141 996 $aEffectiveness of packaging waste management systems in selected countries$91029058 997 $aUNISA LEADER 02123nam0 22004813i 450 001 VAN00263246 005 20240806101511.734 017 70$2N$a9783540389170 100 $a20230913d1984 |0itac50 ba 101 $aeng 102 $aDE 105 $a|||| ||||| 200 1 $aGlobal Solutions of Reaction-Diffusion Systems$fFranz Rothe 210 $aBerlin$cSpringer$d1984 215 $av, 218 p.$d24 cm 461 1$1001VAN00102250$12001 $aLecture notes in mathematics$1210 $aBerlin [etc.]$cSpringer$v1072 606 $a35-XX$xPartial differential equations [MSC 2020]$3VANC019763$2MF 606 $a35B35$xStability in context of PDEs [MSC 2020]$3VANC022130$2MF 606 $a35B40$xAsymptotic behavior of solutions to PDEs [MSC 2020]$3VANC025025$2MF 606 $a35B45$xA priori estimates in context of PDEs [MSC 2020]$3VANC022316$2MF 606 $a35B65$xSmoothness and regularity of solutions to PDEs [MSC 2020]$3VANC022822$2MF 606 $a35K55$xNonlinear parabolic equations [MSC 2020]$3VANC022799$2MF 606 $a92D40$xEcology [MSC 2020]$3VANC023326$2MF 606 $a92Exx$xChemistry [MSC 2020]$3VANC025596$2MF 610 $aChemical reactions$9KW:K 610 $aDiffusion$9KW:K 610 $aExistence theorem$9KW:K 610 $aModels$9KW:K 610 $aReaction-diffusion equations$9KW:K 610 $aSolutions$9KW:K 610 $aSystems$9KW:K 610 $areactions$9KW:K 620 $dBerlin$3VANL000066 700 1$aRothe$bFranz$3VANV217624$058662 712 $aSpringer $3VANV108073$4650 801 $aIT$bSOL$c20250905$gRICA 856 4 $uhttps://doi.org/10.1007/BFb0099278$zE-book ? Accesso al full-text attraverso riconoscimento IP di Ateneo, proxy e/o Shibboleth 899 $aBIBLIOTECA DEL DIPARTIMENTO DI MATEMATICA E FISICA$1IT-CE0120$2VAN08 912 $fN 912 $aVAN00263246 950 $aBIBLIOTECA DEL DIPARTIMENTO DI MATEMATICA E FISICA$d08DLOAD e-book 6616 $e08eMF6616 20230927 996 $aGlobal solutions of reaction-diffusion systems$9262562 997 $aUNICAMPANIA